La voz de los cineastas: cine e identidad chilena en el umbral del milenio

Enregistré dans:
Détails bibliographiques
Auteur principal: Villarroel Márquez, Mónica (Auteur)
Format: Livre
Langue:espagnol
Publié: Santiago Cuarto Propio 2005
Édition:1a. ed
Sujets:
Tags: Ajouter un tag
Pas de tags, Soyez le premier à ajouter un tag!

MARC

LEADER 00000nam a2200000 a 4500
001 UCK5709
003 CL-VaPUC
008 050819e20050500CL |||||||||||||||||spa|d
020 |a 9562603474 
082 0 4 |a 791.430983  |b VIL  |2 21 
100 0 |a Villarroel Márquez, Mónica  |e author  |9 494633 
245 1 3 |a La voz de los cineastas: cine e identidad chilena en el umbral del milenio 
250 |a 1a. ed 
300 |a 230 p 
942 |c BK 
945 |d 20050819 00:00:00  |a jcarroza 
260 |a Santiago  |b Cuarto Propio  |c 2005 
650 0 |a Cine chileno  |9 265165 
650 0 |a Historia del cine  |9 265166 
651 7 |a CHILE  |2 CL-VaPUC  |9 494634 
583 |a last modification  |c 20180402 05:50:29  |k Rodrigo Vera 
999 |c 314204  |d 314202 
952 |0 0  |1 0  |4 0  |6 791_430983000000000_VIL_2005  |7 0  |8 A  |9 386215  |a BIBART  |b BIBART  |d 2019-11-22  |i 4156315  |o 791.430983 VIL 2005  |p 4156315  |r 2025-03-13  |w 2019-11-22  |y BK  |k ART